| 000 | 02125 a2200241 4500 | ||
|---|---|---|---|
| 001 | 40734 | ||
| 005 | 20260407155703.0 | ||
| 008 | 260407a2015 arg spa d | ||
| 003 | AR-UNSa-BCEJYS | ||
| 040 |
_aAR-UNSa-BCEJYS _bspa _cAR-UNSa-BCEJYS |
||
| 080 |
_a330.43 _xEconometría |
||
| 245 | 1 | 0 | _aUnobserved components and time series econometrics |
| 020 | _a978-0-19-968366-6 | ||
| 264 | 1 |
_aOxford : _bOxford University Press _c2015 |
|
| 300 |
_axvii, 370 p. _c24 cm. |
||
| 505 | _a1. Introduction, Siem Jan Koopman and Neil Shephard - 2. The Development of a Time Series Methodology: from Recursive Residuals to Dynamic Conditional Score Models, Andrew Harvey - 3. A State-Dependent Model for Inflation Forecasting, Andrea Stella and James H. Stock - 4. Measuring the Tracking Error of Exchange Traded Funds, Giuliano De Rossi - 5. Measuring the Dynamics of Global Business Cycle Connectedness, Francis X. Diebold and Kamil Yilmaz - 6. Inferring and Predicting Global Temperature Trends, Craig Ansley and Piet de Jong - 7. Forecasting the Boat Race, Geert Mesters and Siem Jan Koopman - 8. Tests for Serial Dependence in Static, Non-Gaussian Factor Models, Gabriele Fiorentini and Enrique Sentana - 9. Inference for Models with Asymmetric α-Stable Noise Processes, Tatjana Lemke and Simon J. Godsill - 10. Martingale Unobserved Component Models, Neil Shephard - 11. More is Not Always Better: Kalman Filtering in Dynamic Factor Models, Pilar Poncela and Esther Ruiz - 12. On Detecting End-of-Sample Instabilities, Fabio Busetti - 13. Improved Frequentist Prediction Intervals for Autoregressive Models by Simulation, Jouni Helske and Jukka Nyblom - 14. The Superiority of the LM Test in a Class of Econometric Models Where the Wald Test Performs Poorly, Jun Ma and Charles R. Nelson - 15. Generalised Linear Spectral Models, Tommaso Proietti and Alessandra Luati | ||
| 041 | _aspa | ||
| 942 | _cBK | ||
| 590 | _aniveau_biblio:m niveau_hierar:0 | ||
| 100 | 1 | _aKoopman, Siem Jan | |
| 700 | 1 | _aShephard, Neil | |
| 856 | 4 | 1 |
_uhttps://biblioeco.unsa.edu.ar/pmb/images/libros/L126251.jpg _yImagen de portada _qimage/jpeg |
| 999 |
_c3300 _d3300 |
||